Honduras: Panorama agrario
Uloženo v:
| Korporativní autor: | |
|---|---|
| Médium: | Text |
| Vydáno: |
Tegucigalpa :
INA-PROCCARA,
|
| Tagy: |
Přidat tag
Žádné tagy, Buďte první, kdo vytvoří štítek k tomuto záznamu!
|
MARC
| LEADER | 00000 a a2200000 04500 | ||
|---|---|---|---|
| 001 | 17209 | ||
| 003 | |||
| 040 | |||
| 090 | |a 0001 I59h | ||
| 110 | |a Instituto Nacional Agrario. Programa de Capacitación Campesina para la Reforma Agraria (Honduras) | ||
| 245 | |a Honduras: Panorama agrario | ||
| 260 | |a Tegucigalpa : |b INA-PROCCARA, | ||
| 300 | |a 26 p. | ||
| 999 | |c 10361 |d 10361 | ||
